000
00238nam a22001097a 4500
003
OSt
008
231116b |||||||| |||| 00| 0 eng d
041
_a
eng
100
_a
Sait, M.A.
_9
5721
245
_a
Practical study of KSR /
942
_c
BK
999
_c
18038
_d
18038